000 00508nam a2200181 i 4500
001 27678
003 ES-MaACL
005 20250809010120.0
007 t|
008 030115s1912 xxk ||||1| eng d
100 1 _aArber, E. A. Newell.
_922392
245 1 4 _aThe natural history of coal /
_cby E.A. Newell Arber.
260 _aCambridge :
_bUniversity Press,
_c1912.
300 _aX, 164 p. :
_bil. ;
_c16 cm.
650 0 7 _aCarbón
_2embne
_910774
852 _aES-MaACL
_jD-3249
999 _c27678
_d27678